00569nam a2200157 a 450000500170000000800410001702000180005805000180007610000170009424500800011126000420019130000230023365000260025699900190028295201100030120140412111318.0010307s19uu xx 00 eng d a1-56144-236-4 aERbFi44 1992 aLeeka, M. C. aFire engine Fred /cwritten by M. C. Leeka ; illustrated by Arkadia London. aNew York :bModern Publishing,c1992. a1 v. (unp.) ; ill. aFire truck -- Fiction c104284d104284 00104050aELbELcERd2001-03-07eDonationl0oER Fi44 1992pE7271r2014-04-12 00:00:00w2014-04-12yBK